| 000 | 00386cam a2200157ua 4500 | ||
|---|---|---|---|
| 041 |
_aeng _h |
||
| 082 |
_a823.301 _bBHU/TH |
||
| 100 | _aBhushan, V N . | ||
| 245 |
_aThings of beauty, Vol 1 / _cV N Bhushan. _hTextual Documents |
||
| 250 |
_a1 / _b. |
||
| 260 |
_aMumbai : _bBharatiya Vidya Bhavan , _c1958. |
||
| 300 | _a209 ; . | ||
| 504 | _a | ||
| 942 | _cBK | ||
| 999 |
_c6975 _d6975 |
||